Cargando...
Mouse: its reproduction and development /
| Autor Principal: | |
|---|---|
| Formato: | Printed Book |
| Idioma: | English |
| Publicado: |
Minneapolis :
Burgass Pub. Co.,
1968.
|
| LEADER | 00469nam a2200133Ia 4500 | ||
|---|---|---|---|
| 008 | 150624b xxu||||| |||| 00| 0 eng d | ||
| 082 | |a 571.81963 | ||
| 100 | |a Rugh, Roberts | ||
| 245 | |a Mouse: |b its reproduction and development / |c Roberts Rugh | ||
| 260 | |a Minneapolis : |b Burgass Pub. Co., |c 1968. | ||
| 300 | |a 430 p. | ||
| 942 | |c BK | ||
| 999 | |c 853 |d 853 | ||
| 952 | |0 0 |1 0 |4 0 |6 571_819630000000000_RUG_M |7 0 |9 852 |a UL |b UL |c ST2 |d 1998-09-07 |l 0 |o 571.81963 RUG/M |p 2573 |r 2012-10-27 |w 2012-10-27 |y BK | ||